आहार द्वारा उपचार / (Record no. 12883)
[ view plain ]
| 000 -LEADER | |
|---|---|
| fixed length control field | 02694 a2200301 4500 |
| 005 - DATE AND TIME OF LATEST TRANSACTION | |
| control field | 20090326145210.0 |
| 008 - FIXED-LENGTH DATA ELEMENTS--GENERAL INFORMATION | |
| fixed length control field | 090326t xxu||||| |||| 00| 0 hin d |
| 010 ## - LCCN (DPL NO) | |
| LC control number | B-301136-1142 |
| 020 ## - INTERNATIONAL STANDARD BOOK NUMBER | |
| Terms of availability | 120.00 |
| International Standard Book Number | 8188857319 |
| 035 ## - SYSTEM CONTROL NUMBER | |
| System control number | B-301136-1142 |
| 037 ## - SOURCE OF ACQUISITION | |
| Source of stock number/acquisition | क्षितिज |
| 040 ## - CATALOGING SOURCE | |
| Original cataloging agency | dpl |
| Language of cataloging | hn |
| 082 ## - DEWEY DECIMAL CLASSIFICATION NUMBER | |
| Classification number | 615.854 |
| 100 ## - MAIN ENTRY--PERSONAL NAME | |
| Personal name | भाटिया, सुदर्शन |
| 245 ## - TITLE STATEMENT | |
| Title | आहार द्वारा उपचार / |
| Statement of responsibility, etc | सुदर्शन भाटिया |
| 260 ## - PUBLICATION, DISTRIBUTION, ETC. (IMPRINT) | |
| Place of publication, distribution, etc | दिल्ली |
| Name of publisher, distributor, etc | क्षितिज |
| Date of publication, distribution, etc | 2007. |
| 270 ## - ADDRESS | |
| Address | वी-8, नवीन शाहदरा |
| City | दिल्ली |
| State or province | दिल्ली |
| Postal code | 110032 |
| 300 ## - PHYSICAL DESCRIPTION | |
| Extent | 183पृ, |
| Dimensions | 22 सेमी (अजिल्द) |
| 942 ## - ADDED ENTRY ELEMENTS (KOHA) | |
| Institution code [OBSOLETE] | dpl |
| Item type | Hindi Books |
| Call number prefix | / भाटिया |
| Source of classification or shelving scheme | Dewey Decimal Classification |
| Classification part | 615.854 |
| Call number suffix | भाटिया |
| Withdrawn status | Lost status | Source of classification or shelving scheme | Damaged status | Not for loan | Collection code | Home library | Current library | Date acquired | Source of acquisition | Cost, normal purchase price | Total Checkouts | Full call number | Barcode | Date last seen | Copy number | Cost, replacement price | Koha item type | Public note |
|---|---|---|---|---|---|---|---|---|---|---|---|---|---|---|---|---|---|---|
| Dewey Decimal Classification | Non-fiction | Central Library | Central Library | 26/03/2009 | क्षितिज/55/26.12.08/255/4.9.08/3.10.08 | 120.00 | 615.854 भाटिया | B-301136 | 26/03/2009 | 1 | 120.00 | Hindi Books | ||||||
| Written off | Dewey Decimal Classification | Non-fiction | Karol Bagh | Karol Bagh | 26/03/2009 | क्षितिज/55/26.12.08/255/4.9.08/3.10.08 | 120.00 | 1 | 615.854 भाटिया | B-301141 | 10/02/2010 | 1 | 120.00 | Hindi Books | Written off on approval by DLB (By Circulation); dtd 15-06-2023 | |||
| Dewey Decimal Classification | Non-fiction | Mobile Library | Mobile Library | 26/03/2009 | क्षितिज/55/26.12.08/255/4.9.08/3.10.08 | 120.00 | 615.854 भाटिया | B-301137 | 26/03/2009 | 2 | 120.00 | Hindi Books | ||||||
| Dewey Decimal Classification | Non-fiction | Mobile Library | Mobile Library | 26/03/2009 | क्षितिज/55/26.12.08/255/4.9.08/3.10.08 | 120.00 | 615.854 भाटिया | B-301138 | 26/03/2009 | 2 | 120.00 | Hindi Books | ||||||
| Dewey Decimal Classification | Non-fiction | Patel Nagar | Patel Nagar | 26/03/2009 | क्षितिज/55/26.12.08/255/4.9.08/3.10.08 | 120.00 | 615.854 भाटिया | B-301139 | 26/03/2009 | 1 | 120.00 | Hindi Books | ||||||
| Dewey Decimal Classification | Non-fiction | Sarojini Nagar | Sarojini Nagar | 26/03/2009 | क्षितिज/55/26.12.08/255/4.9.08/3.10.08 | 120.00 | 7 | 615.854 भाटिया | B-301140 | 09/01/2010 | 1 | 120.00 | Hindi Books | |||||
| Dewey Decimal Classification | Non-fiction | Shahdara Branch | Shahdara Branch | 26/03/2009 | क्षितिज/55/26.12.08/255/4.9.08/3.10.08 | 120.00 | 615.854 भाटिया | B-301142 | 26/03/2009 | 1 | 120.00 | Hindi Books |
